| 000 | 00495pab a2200181 454500 | ||
|---|---|---|---|
| 008 | 180718b1999 xxu||||| |||| 00| 0 eng d | ||
| 100 | _aLakshmanasamy, T. | ||
| 245 | _aAn econometric analyses of the worker choice between public and private sector | ||
| 260 | _c1999 | ||
| 300 | _ap.71-83 | ||
| 362 | _aJan-Mar | ||
| 650 | _aPrivate sector | ||
| 650 | _aPublic sector | ||
| 650 | _aEmployment | ||
| 700 | _aRamasamy, S. | ||
| 773 | _aIndian Journal of Labour Economics | ||
| 909 | _a42764 | ||
| 999 |
_c42764 _d42764 |
||